Catalog

Record Details

Catalog Search


Search Results Showing Item 1 of 2

Available copies

  • 26 of 26 copies available at Headquarters.

Current holds

0 current holds with 26 total copies.

Location Call Number / Copy Notes Barcode Shelving Location Status Due Date
Headquarters 201 JFIC/AGA 000000846783 Childrens' Fiction Available -
Headquarters 201 JFIC/AGA 000000846790 Childrens' Fiction Available -
Headquarters 201 JFIC/AGA 000000846806 Childrens' Fiction Available -
Headquarters 201 JFIC/AGA 000000846813 Childrens' Fiction Available -
Headquarters 201 JFIC/AGA 000000846820 Childrens' Fiction Available -
Headquarters 201 JFIC/AGA 000000846837 Childrens' Fiction Available -
Headquarters 201 JFIC/AGA 000000846844 Childrens' Fiction Available -
Headquarters 201 JFIC/AGA 000000846875 Childrens' Fiction Available -
Airport Children Library 201 JFIC/AGA 000001243246 400 - Languages, Grammar, Dictionaries, Thesaurus Available -
Airport Children Library 201 JFIC/AGA 000001243253 Childrens' Fiction Available -
Next 10 »

Record details

  • ISBN: 9789964704988
  • Physical Description: Paperback
  • Publisher: Accra Afram PUblication 2010
Subject: Nature
LDR 00620cam a2200205Ka 4500
00176251
003HQ
00520201123131334.0
008070101s gh a er 1 eng d
020 . ‡a9789964704988
037 . ‡aBook Aid
082 . ‡aJFIC/AGA
100 . ‡aAgambila G.A
245 . ‡aNature Stories
260 . ‡aAccra ‡bAfram PUblication ‡c2010
300 . ‡aPaperback
650 . ‡aNature
901 . ‡a76251 ‡bAUTOGEN ‡c76251 ‡tbiblio
Search Results Showing Item 1 of 2

Additional Resources